Obchod na problematickém poli Pohledávky a závazky

Problematika druhotnej platobnej neschopnosti a snaha riešiť tento problém. Otázka faktúr a zmeniek. Zápočty ako jedna z možností riešenia problému pohľadávok a záväzkov. Obchod s pohľadávkami. Špecializované firmy a samotné podniky riešiace problém platobnej neschopnosti.

Enregistré dans:
Détails bibliographiques
Auteur principal: Oswald, E.
Format: Chapitre de livre
Langue:tchèque
Sujets:
Tags: Ajouter un tag
Pas de tags, Soyez le premier à ajouter un tag!

MARC

LEADER 00000naa a2200000 4500
001 r015290
005 20221205090006.8
041 0 |a cze 
044 |a CZ 
245 1 0 |a Obchod na problematickém poli  |b Pohledávky a závazky  |c E. Oswald 
520 |a Problematika druhotnej platobnej neschopnosti a snaha riešiť tento problém. Otázka faktúr a zmeniek. Zápočty ako jedna z možností riešenia problému pohľadávok a záväzkov. Obchod s pohľadávkami. Špecializované firmy a samotné podniky riešiace problém platobnej neschopnosti. 
610 2 0 |a insolventnosť 
610 2 0 |a podnik 
610 2 0 |a zmenky 
610 2 0 |a pohľadávky 
610 2 0 |a banky 
610 2 0 |a záväzky 
100 1 |a Oswald, E.